000 00874nam a2200253Ia 4500
003 OSt
005 20220923211644.0
006 a|||||r|||| 00| 0
007 ta
008 220922b |||||||| |||| 00| 0 hin d
024 _a40,323
037 _cTextual
040 _aARTS
_cARTS
_bhin
041 _2hin
_ahin
082 _aO15,1A1v, 152N6
100 _aशास्त्री, धर्मेन्द्रनाथ
_9161250
245 0 _aरामायण के आख्यान
246 _aRāmāyaṇ ke ākhyāna
260 _aदिल्ली
_b परिमल पब्लिकेशन्स
_c1996
300 _a328पृ.
_ccm.
650 _aसंस्कृत साहित्य
942 _hO15,1A1v, 152N6
_cTEXL
_2CC
999 _c302244
_d302244